000
00321nam a2200121 a 4500
005
20140414132114.0
008
110824s19uu xx 00 eng d
050
_a
FIC
_b
GRI 2004
100
_a
Griffin, Adele
245
_a
Witch twins and melody malady.
260
_a
U.S.A :
_b
Hyperion Paperback,
_c
2004.
999
_c
114849
_d
114849